Enakmen Kolej Ugama Sultan Zainal Abidin 1981

Bibliographic Details
Corporate Author: Kolej Ugama Sultan Zainal Abidin
Format: Book
Language:Malay
Published: Kuala Terengganu, Terengganu, Malaysia : KUSZA 1981
Subjects:

MARC

LEADER 00000cam a2200000 7i4500
001 0000009104
005 20210414093000.0
008 140423s1981 my may
040 |a UniSZA   |e rda 
050 0 0 |a KPH4001.5   |b .K65 1981 
090 0 0 |a KPH4001.5   |b .K65 1981 
110 2 |a Kolej Ugama Sultan Zainal Abidin 
245 1 0 |a Enakmen Kolej Ugama Sultan Zainal Abidin 1981 
264 1 |a Kuala Terengganu, Terengganu, Malaysia :   |b KUSZA   |c 1981 
300 |a 38 pages :   |b illustrations ;   |c 30 cm. 
336 |a text  |2 rdacontent 
337 |a unmediated  |2 rdamedia 
338 |a volume  |2 rdacarrier 
500 |a Enakmen Bil. 3 Tahun 1981 
650 0 |a Gazettes   |z Malaysia   |z Terengganu 
650 0 |a Law   |z Malaysia   |z Terengganu 
710 2 |a Kolej Ugama Sultan Zainal Abidin 
999 |a 1000042681   |b Book   |c Reference   |e Gong Badak Campus 
999 |a 1000042682   |b Book   |c Reference   |e Gong Badak Campus 
999 |a 1000160923   |b Book   |c Reference   |e Gong Badak Campus 
999 |a 1000182271   |b Book   |c Reference   |e Gong Badak Campus